Tipsport extraliga 2014/2015 - Statistics

General Stats
  • This quiz has been taken 244 times
  • The average score is 12 of 14
Answer Stats
Hint Answer % Correct
HC Sparta Praha
98%
HC ČSOB Pojišťovna Pardubice
91%
HC Oceláři Třinec
90%
HC Škoda Plzeň
89%
HC Energie Karlovy Vary
88%
HC Kometa Brno
88%
PSG Zlín
88%
HC Verva Litvínov
87%
HC Slavia Praha
84%
HC Vítkovice Steel
84%
Bílí Tygři Liberec
83%
HC Olomouc
80%
BK Mladá Boleslav
70%
Mountfield HC
56%
No matching quizzes found
Score Distribution
Percent of People with Each Score
Percentile by Number Answered
Your Score History
You have not taken this quiz